000 00747nam a22002177a 4500
003 0
005 20250917105703.0
008 250917b xxu||||| |||| 00| 0 eng d
020 _a979-8-89161-628-8
050 _aQA 76.9.A25
_b.C65 2025
100 _aCollins, Larry,
_eauthor.
245 _aCyber intelligence and threat analysis /
_cLarry Collins.
260 _aJersey City, USA :
_bAlexis Press,
_c2025.
300 _ax, 308 pages :
_billustrations ;
_c27 cm.
504 _aIncludes bibliographical references and index.
650 _aComputer security.
650 _aCyber intelligence (Computer security).
650 _aThreat intelligence (Computer security).
650 _aInformation technology
_xSecurity measures.
942 _2lcc
_cBK
999 _c367999
_d367999